Projekt bytového domu

Enregistré dans:
Détails bibliographiques
Auteur principal: Stránsky, Matej (Auteur)
Autres auteurs: Hanuliak, Peter (Directeur de thèse)
Format: Manuscrit Livre
Langue:slovaque
Publié: 2023
Sujets:
Accès en ligne:http://is.stuba.sk/zp/portal_zp.pl?podrobnosti=156853
Tags: Ajouter un tag
Pas de tags, Soyez le premier à ajouter un tag!

MARC

LEADER 00000ntm a22000003a 4500
001 stuzp94996
003 SK-STU
005 20230909223655.4
007 ta
008 150427s2015----xo-----f-mn---000-0-slo-d
040 |a STU  |b slo 
041 0 |a slo 
100 1 |a Stránsky, Matej  |u 010180  |4 aut  |U SvF Stavebná fakulta  |T SvF Katedra konštrukcií pozemných stavieb  |X 104607  |U V180  |Y 18  |7 104607 
242 0 1 |a Residential Building Project  |y eng 
245 1 0 |a Projekt bytového domu 
260 |c 2023 
650 4 |a projekt pre realizáciu  |2 slo 
650 4 |a novostavba Bratislava  |2 slo 
650 4 |a bytový dom  |2 slo 
650 4 |a Residential building  |2 eng 
650 4 |a project for implementation  |2 eng 
650 4 |a new construction Bratislava  |2 eng 
700 1 |a Hanuliak, Peter  |u 010180  |k Z1  |4 ths  |U SvF Stavebná fakulta  |T SvF Katedra konštrukcií pozemných stavieb  |X 11280  |U V180  |Y 18  |7 A000011280 
856 4 |u http://is.stuba.sk/zp/portal_zp.pl?podrobnosti=156853